[Event "Sebes Romanian Rapid op"]
[Site "Sebes"]
[Date "2022.12.02"]
[Round "4"]
[White "Dragomirescu, Calin"]
[Black "Zaharie, Ioan"]
[Result "1-0"]
[WhiteElo "1971"]
[BlackElo "1704"]
[PlyCount "43"]
[EventDate "2022.12.02"]
[EventType "swiss (rapid)"]
[EventRounds "8"]
[EventCountry "ROU"]
[SourceTitle "CBM 211 Extra"]
[Source "ChessBase"]
[SourceDate "2023.01.31"]
[SourceVersion "1"]
[SourceVersionDate "2023.01.31"]
[SourceQuality "1"]

1. d4 Nf6 2. Nf3 g6 3. c4 Bg7 4. Nc3 d6 5. e4 Nbd7 6. Be2 e5 7. 0-0 0-0 8. Be3 c6 9. d5 cxd5 10. cxd5 Nb6 11. Nd2 Bd7 12. a4 Rc8 13. a5 Na8 14. Bxa7 Qe7 15. Be3 Nc7 16. Na4 Bxa4 17. Qxa4 Ra8 18. b4 Rfc8 19. f3 Nd7 20. Rfc1 Bf8 21. Rc2 Nb8 22. Rac1 1-0

[Event "Sebes Romanian Rapid op"]
[Site "Sebes"]
[Date "2022.12.02"]
[Round "8"]
[White "Matasaru, Stephanie"]
[Black "Zaharie, Ioan"]
[Result "1-0"]
[WhiteElo "1975"]
[BlackElo "1704"]
[PlyCount "50"]
[EventDate "2022.12.02"]
[EventType "swiss (rapid)"]
[EventRounds "8"]
[EventCountry "ROU"]
[SourceTitle "CBM 211 Extra"]
[Source "ChessBase"]
[SourceDate "2023.01.31"]
[SourceVersion "1"]
[SourceVersionDate "2023.01.31"]
[SourceQuality "1"]

1. e4 c5 2. Nf3 e6 3. d4 cxd4 4. Nxd4 a6 5. Nc3 Qc7 6. Qd3 b5 7. Qg3 d6 8. Bd3 Bb7 9. Be3 Nf6 10. a3 Nc6 11. 0-0 h6 12. f4 Rc8 13. Nxc6 Bxc6 14. e5 Nh5 15. Qg4 g6 16. Bxg6 fxg6 17. Qxe6+ Kd8 18. Qxg6 Ng7 19. exd6 Bxd6 20. Rad1 Ne8 21. Bc5 Rh7 22. Bxd6 Nxd6 23. Rxd6+ Rd7 24. Qf6+ Ke8 25. Qh8+ Kf7 1-0

[Event "Sebes Romanian Rapid op"]
[Site "Sebes"]
[Date "2022.12.02"]
[Round "7"]
[White "Zaharie, Ioan"]
[Black "Apostu, Rares Stefan"]
[Result "1-0"]
[WhiteElo "1704"]
[BlackElo "1331"]
[PlyCount "73"]
[EventDate "2022.12.02"]
[EventType "swiss (rapid)"]
[EventRounds "8"]
[EventCountry "ROU"]
[SourceTitle "CBM 211 Extra"]
[Source "ChessBase"]
[SourceDate "2023.01.31"]
[SourceVersion "1"]
[SourceVersionDate "2023.01.31"]
[SourceQuality "1"]

1. e4 e5 2. Nf3 Nc6 3. Bb5 a6 4. Ba4 Nf6 5. d3 b5 6. Bb3 Be7 7. a4 Bb7 8. c3 0-0 9. Qe2 d5 10. exd5 Nxd5 11. 0-0 Nf4 12. Bxf4 exf4 13. Bc2 Qd5 14. d4 b4 15. Nbd2 bxc3 16. bxc3 Rfe8 17. Rab1 Rab8 18. Rfe1 Qd7 19. Qd3 g6 20. Nc4 Qd5 21. Bb3 Qh5 22. d5 Rbd8 23. Nce5 Nxe5 24. Rxe5 Qh6 25. c4 c6 26. Rbe1 Qf8 27. d6 Bf6 28. Rxe8 Rxe8 29. c5 Rxe1+ 30. Nxe1 Qe8 31. Nf3 g5 32. h3 h5 33. Qg6+ Kf8 34. Qxf6 Kg8 35. Nxg5 Qe1+ 36. Kh2 Qe8 37. Bxf7+ 1-0

[Event "Centrocoop June op-B"]
[Site "Eforie Nord"]
[Date "1998.??.??"]
[Round "?"]
[White "Nicolescu, Ilie"]
[Black "Zaharie, Ioan"]
[Result "0-1"]
[WhiteElo "1800"]
[BlackElo "2125"]
[PlyCount "133"]
[EventDate "1998.06.??"]
[EventType "swiss"]
[EventRounds "11"]
[EventCountry "ROU"]
[SourceTitle "EXT 2000"]
[Source "ChessBase"]
[SourceDate "1999.11.16"]
[SourceVersion "1"]
[SourceVersionDate "1999.11.16"]
[SourceQuality "1"]

1. e4 c5 2. Nf3 d6 3. d3 Nc6 4. c3 Nf6 5. g3 g6 6. Bg2 Bg7 7. 0-0 0-0 8. Re1 Qc7 9. Nbd2 Bd7 10. Qe2 e6 11. Nf1 Ne5 12. Nh4 Rac8 13. Ne3 Bc6 14. c4 Bd7 15. f4 Nc6 16. Qf2 Nd4 17. f5 g5 18. Nf3 Nxf3+ 19. Bxf3 h6 20. h4 Bc6 21. hxg5 hxg5 22. Qh2 Rfd8 23. Kg2 Qe7 24. Rh1 Kf8 25. Nf1 Ng8 26. f6 Qxf6 27. g4 Ne7 28. Ng3 Qg6 29. Bd2 f6 30. Raf1 Ke8 31. Bd1 Rc7 32. Nh5 Ng8 33. Rf2 Rf7 34. Be2 Ke7 35. Rhf1 Bd7 36. Rh1 Rdf8 37. Nxg7 Rxg7 38. b4 Rff7 39. bxc5 dxc5 40. a4 Rh7 41. Qg1 Rxh1 42. Kxh1 Rh7+ 43. Rh2 Rxh2+ 44. Kxh2 Qh6+ 45. Kg2 Kd6 46. a5 Qf8 47. Qb1 Qb8 48. Bd1 b6 49. axb6 axb6 50. Be2 Ne7 51. Qh1 Qg8 52. Qb1 Kc7 53. Qa1 Nc6 54. Qh1 Qf8 55. Qh7 Qd6 56. Qh1 Be8 57. Bd1 Nb4 58. Be2 Kd7 59. Qd1 Kc7 60. Qc1 Bc6 61. Qd1 Qd7 62. Qb3 Ba4 63. Qa3 Nc2 64. Qb2 Nd4 65. Bf1 Bd1 66. Kg3 Qh7 67. Bh3 0-1

[Event "Centrocoop June op-B"]
[Site "Eforie Nord"]
[Date "1998.??.??"]
[Round "?"]
[White "Rusov, Roman"]
[Black "Zaharie, Ioan"]
[Result "0-1"]
[WhiteElo "1650"]
[BlackElo "2125"]
[PlyCount "102"]
[EventDate "1998.06.??"]
[EventType "swiss"]
[EventRounds "11"]
[EventCountry "ROU"]
[SourceTitle "EXT 2000"]
[Source "ChessBase"]
[SourceDate "1999.11.16"]
[SourceVersion "1"]
[SourceVersionDate "1999.11.16"]
[SourceQuality "1"]

1. Nf3 Nf6 2. g3 g6 3. Bg2 Bg7 4. 0-0 0-0 5. d3 d5 6. Nbd2 Re8 7. e4 e5 8. Qe2 dxe4 9. dxe4 b6 10. Rd1 Ba6 11. Qe1 Qe7 12. Bf1 Bxf1 13. Nxf1 Nbd7 14. Bg5 h6 15. Bxf6 Nxf6 16. h3 Qc5 17. c3 Qc6 18. N1d2 Rad8 19. Qe3 Rd7 20. Re1 Qe6 21. Kg2 Red8 22. Qe2 Ne8 23. a4 Rd3 24. a5 b5 25. Red1 Qd6 26. Rdc1 Rxd2 27. Nxd2 Qxd2 28. Qxb5 Nd6 29. Qb4 Bf8 30. Rd1 Qe2 31. Re1 Qa6 32. Rad1 Qc6 33. Rd5 Re8 34. Qb3 Re6 35. Qc2 a6 36. Red1 Kg7 37. Qd3 Ne8 38. f3 Nf6 39. Rd8 Qb7 40. Qc2 Be7 41. R8d2 Qb5 42. b4 c5 43. Rb1 cxb4 44. Qa2 Rc6 45. cxb4 Rc4 46. Rdb2 Ne8 47. Qa3 Nc7 48. Qa1 Qc6 49. Rd2 Bxb4 50. Qxe5+ f6 51. Rxb4 fxe5 0-1

[Event "Centrocoop June op-B"]
[Site "Eforie Nord"]
[Date "1998.??.??"]
[Round "?"]
[White "Zaharie, Ioan"]
[Black "Angheluta, C."]
[Result "1-0"]
[WhiteElo "2125"]
[BlackElo "1800"]
[PlyCount "71"]
[EventDate "1998.06.??"]
[EventType "swiss"]
[EventRounds "11"]
[EventCountry "ROU"]
[SourceTitle "EXT 2000"]
[Source "ChessBase"]
[SourceDate "1999.11.16"]
[SourceVersion "1"]
[SourceVersionDate "1999.11.16"]
[SourceQuality "1"]

1. e4 c5 2. Nf3 d6 3. d4 cxd4 4. Nxd4 Nf6 5. Bd3 a6 6. c4 e5 7. Nf3 Nbd7 8. Nc3 Nc5 9. Bc2 Bd7 10. 0-0 h6 11. Qe2 Be7 12. Be3 0-0 13. Bxc5 dxc5 14. Nxe5 Be6 15. b3 Qd4 16. Nd5 Bd8 17. Nf3 Qb2 18. e5 Bf5 19. exf6 Qxc2 20. Ne7+ Bxe7 21. Qxe7 b6 22. fxg7 Rfe8 23. Qc7 Re6 24. Ne5 Rf6 25. f4 Qb2 26. Rad1 Qc2 27. Rc1 Qd2 28. Qb7 Rd8 29. h3 Kxg7 30. Kh2 Rg8 31. Rcd1 Qe2 32. Qf3 Qxa2 33. Rf2 Qa5 34. Qg3+ Kh7 35. Qh4 b5 36. Qxf6 1-0

[Event "Centrocoop June op-B"]
[Site "Eforie Nord"]
[Date "1998.??.??"]
[Round "?"]
[White "Zaharie, Ioan"]
[Black "Gutsu, Sergy"]
[Result "1/2-1/2"]
[WhiteElo "2125"]
[BlackElo "1650"]
[PlyCount "84"]
[EventDate "1998.06.??"]
[EventType "swiss"]
[EventRounds "11"]
[EventCountry "ROU"]
[SourceTitle "EXT 2000"]
[Source "ChessBase"]
[SourceDate "1999.11.16"]
[SourceVersion "1"]
[SourceVersionDate "1999.11.16"]
[SourceQuality "1"]

1. e4 d6 2. d4 Nf6 3. Bd3 e5 4. c3 d5 5. exd5 Qxd5 6. f3 exd4 7. cxd4 Nc6 8. Ne2 Be7 9. Nbc3 Qd8 10. Be3 0-0 11. 0-0 Nb4 12. Bb1 Nbd5 13. Bf2 c6 14. a3 Re8 15. Bc2 Bd6 16. Qd2 Qc7 17. Bg3 Ne3 18. Rfe1 Bf5 19. Bb3 Be6 20. Qxe3 Bxb3 21. Ne4 Nxe4 22. fxe4 Be6 23. Rac1 Bxg3 24. Nxg3 Qb6 25. Qc3 Rad8 26. Rcd1 Rd7 27. Re3 Red8 28. Red3 h6 29. h3 Qb5 30. Kh2 Bc4 31. Re3 Be6 32. b3 a5 33. Ne2 a4 34. b4 Bc4 35. Nf4 Bb3 36. Rd2 Qc4 37. Ne2 b5 38. Qb2 Qe6 39. Ng3 Qf6 40. Rf3 Qg6 41. Re3 Be6 42. Qc3 Rc7 1/2-1/2